| 000 | 00891nam a22002417a 4500 | ||
|---|---|---|---|
| 003 | USANT | ||
| 005 | 20250827123630.0 | ||
| 008 | 250827b |||||||| |||| 00| 0 eng d | ||
| 020 | _a9789814834711 | ||
| 040 |
_aUSANT _beng _cUSANT _erda |
||
| 082 | 4 |
_211th Edition _a332.9 _bR362i |
|
| 100 | 1 |
_aReilly, Frank K. _eauthor. |
|
| 245 | 1 |
_aInvestment analysis and portfolio management / _cFrank K. Reilly, Keith C. Brown, Sanford J. Leeds |
|
| 260 | 1 |
_aUSA : _bCengage Learning , _c2019. |
|
| 300 |
_axxiii, 786 pages : _bfigures, tables ; _c27 cm. |
||
| 504 | _aIncludes comprehensive references list pages (750-761). | ||
| 650 | _aPortfolio management. | ||
| 650 | _aInvestments. | ||
| 650 | _aInvestments analysis. | ||
| 700 | 1 |
_aBrown, Keith C. _eauthor. |
|
| 700 | 1 |
_aLeeds, Sanford J. _eauthor. |
|
| 942 |
_2ddc _cBK _e11th Edition _h332.9 _iR362i _kCIR _m2019 _n0 |
||
| 999 |
_c18407 _d18406 |
||